Geography Quiz

Random Geography or State Quiz

Cover the Alphabet - US States Quiz Stats

 Plays Quiz Updated Jun 4, 2019

Score 0/52 Timer 01:00
1 Play Today
% Correct
Go
100%
Go
99.8%
California
98.1%
California
98.1%
California
97.8%
California
97.8%
California
97.8%
California
97.8%
California
97.7%
California
97.7%
California
97.6%
California
97.6%
Texas
97.3%
Texas
97.3%
California
97.2%
California
97.2%
Texas
96.8%
Texas
96.8%
Washington
96.6%
Washington
96.6%
New Mexico
96.1%
New Mexico
96.1%
Texas
96%
Texas
96%
Washington
94.8%
Washington
94.8%
% Correct
California
94.5%
California
94.5%
Florida
94.2%
Florida
94.2%
New York
94.1%
New York
94.1%
New York
92.8%
New York
92.8%
Washington
92.2%
Washington
92.2%
California
89%
California
89%
Nevada
88.4%
Nevada
88.4%
South Dakota
88.3%
South Dakota
88.3%
Texas
81.8%
Texas
81.8%
Mississippi
78.5%
Mississippi
78.5%
Alabama
67.8%
Alabama
67.8%
New Jersey
65.2%
New Jersey
65.2%
Arizona
63.8%
Arizona
63.8%

You're not logged in!

Compare scores with friends on all Sporcle quizzes.
OR
Log In

Sporcle TV

Today on Sporcle TV


Watch our educational content, quiz creation guides, and fun videos on Sporcle TV.

Show Comments

Extras

Top Quizzes Today


Score Distribution

Your Account Isn't Verified!

In order to create a playlist on Sporcle, you need to verify the email address you used during registration. Go to your Sporcle Settings to finish the process.

Report this User

Report this user for behavior that violates our Community Guidelines.

Details: